Biggest Cities of Azerbaijan - Statistics

General Stats
  • This quiz has been taken 9 times
  • The average score is 3 of 10
Answer Stats
Pop. City/ Town % Correct
2,277,500 Baku
100%
332,600 Ganja
63%
80,000 Lankaran
38%
104,500 Mingachevir
25%
343,100 Sumgait
25%
93,700 Nakhchivan
13%
65,100 Shaki
13%
85,800 Shirvan
13%
61,200 Yevlakh
13%
100,000 Xırdalan
0%
No matching quizzes found
Score Distribution
Percent of People with Each Score
Percentile by Number Answered
Your Score History
You have not taken this quiz